000 00592nam a2200193 u 4500
001 000356974
003 AM-YeHGA
005 20250617131502.0
008 040825s1977 ||| r 000 0 rus d
040 _aAM-YeHGA
041 0 _arus
100 1 _aМотренко, А.И.
245 1 0 _aАвтоматика в жилищном хозяйстве /
_cА.И. Мотренко, Ю.Г. Каплан.
260 _aКиев :
_bБудiвельник,
_c1977.
300 _a168 с. :
_bил., табл.
650 1 4 _aАвтоматика
700 1 _aКаплан, Ю.Г.
090 _c138064
999 _c136693
_d136693